It's My Party - Lyrics - Statistics

General Stats
  • This quiz has been taken 42 times
  • The average score is 158 of 200
Answer Stats
Answer % Correct
I
100%
it
100%
It's
100%
it's
100%
my
100%
party
100%
a
97%
and
97%
cry
94%
Cry
94%
to
94%
want
94%
When
94%
if
90%
I'll
87%
You
84%
you
84%
happened
81%
would
81%
he
77%
the
77%
too,
77%
be
74%
Johnny
74%
gone
71%
mine?
71%
no
71%
where
71%
has
68%
her
68%
he's
68%
holding
68%
hand
65%
left
65%
time
65%
was
65%
But
61%
his
61%
Judy
61%
Oh,
61%
ring
61%
supposed
61%
same
58%
wearing
58%
Why
58%
Nobody
55%
what
55%
birthday
52%
just
52%
knows
52%
surprise
52%
Judy's
48%
through
48%
walked
48%
with
48%
Like
45%
door
42%
king
42%
me
42%
got
39%
queen
39%
dancing
35%
I've
32%
reason
32%
smile
32%
all
29%
night
26%
for
23%
Johnny's
23%
keep
23%
records,
23%
Til
23%
Play
19%
alone
16%
leave
13%
awhile
10%
No matching quizzes found
Score Distribution
Percent of People with Each Score
Percentile by Number Answered
Your Score History
You have not taken this quiz